000 01052nam a22003257a 4500
001 0005743
003 KOHA_MİRAKIL
005 20260207001456.0
007 ta
008 090603b1993 tu |||gr||||#0|||1|tur |
020 _a9751106796
_c0,01
040 _aTR-BiSEU
_btur
_cTR-BiSEU
_erda
041 0 _atur
044 _ctu
050 _aPL234.Y54
_bM87 1993
100 1 _aYiğit, Mehmet.
245 1 _aMustafa Kemal'le olmak/
_cMehmet Yiğit ; Mehmet Yiğit.
264 1 _aİstanbul :
_bM.E.B.
_c1993
300 _a92 sayfa
336 _ametin
_btxt
_2rdacontent
337 _aaracısız
_bn
_2rdamedia
338 _acilt
_bnc
_2rdacarrier
490 1 _aMilli Eğitim Bakanlığı Yayınları;2396.
490 1 _aBilim ve Kültür Eserleri Dizisi;607 Ögretmen YAzarlar Disisi ;
_v113.
650 0 _aTurkish Literature--Poems.
_913914
830 1 _aMilli Eğitim Bakanlığı Yayınları;2396.
_913915
830 1 _aBilim ve Kültür Eserleri Dizisi;607 Ögretmen YAzarlar Disisi ;
_v113.
_913916
907 _aŞiir
942 _2lcc
_cBK
999 _c5724
_d5724